El pequeño vampiro /

Guardado en:
Autor Principal: Sommer-bodenburg, ángela
Formato: Libro
Publicado: Buenos Aires : Aguilar, 2009.
Materias:
Etiquetas: Agregar Etiqueta
Sin Etiquetas, Sea el primero en etiquetar este registro!
LEADER 00559nam a22001815a 4500
001 CEM.cems018567
005 20171002113525.0
008 130507s2009##################000#0#####d
003 CEMS
020 |a 9789870410836 
082 0 4 |a 833.9 
100 1 |a Sommer-bodenburg, ángela 
245 1 0 |a El pequeño vampiro /  |c ángela Sommer, Leopoldo Rodríguez Regueira. 
260 |a Buenos Aires :  |b Aguilar,  |c 2009. 
300 |a 196p. il ; 12cm. 
653 |a Literatura infantil 
653 |a Literatura juvenil 
859 |a CEMS  |b BIB. CEMS - Agricultura  |h 833.9  |i So552  |p A2933.17  |t Ej.1